| 000 | 00515nam a2200169Ia 4500 | ||
|---|---|---|---|
| 008 | 230718s9999 xx 000 0 und d | ||
| 020 | _a9789350232774 | ||
| 041 | _aeng | ||
| 082 |
_a004.22 _bREE |
||
| 100 |
_aReese R.J. _9176008 |
||
| 245 |
_aTroux Enterprise Architecture Solutions _bDriving Business Value Through Strategic IT Alignment |
||
| 260 |
_c2011 _bPackt Pub. |
||
| 300 | _a232 | ||
| 365 |
_cRs. _b325.00 |
||
| 700 |
_aReese R.J. _9176008 |
||
| 906 |
_dO:0161711-Mar-2011B:725021-Feb-2011 _cCOMP _b81.25 |
||
| 999 |
_c327446 _d327446 |
||